Normal view
MARC view
- Control & Communication in the Animal & Machine.
Entry Topical Term
001 - CONTROL NUMBER
- control field: 1410
003 - CONTROL NUMBER IDENTIFIER
- control field: NUST
005 - DATE AND TIME OF LATEST TRANSACTION
- control field: 20170525113912.0
008 - FIXED-LENGTH DATA ELEMENTS
- fixed length control field: 170525|| aca||aabn | a|a d
040 ## - CATALOGING SOURCE
- Original cataloging agency: NUST
- Transcribing agency: NUST
150 ## - HEADING--TOPICAL TERM
- Topical term or geographic name entry element: Control & Communication in the Animal & Machine.
670 ## - SOURCE DATA FOUND
- Source citation: Work cat.: (NUST)23779: Norbert Wiener 1409, Engineering Economy , c1961.
